Welcome to the Holygrace Academy Library

Please use search bar below to get started

THE MUTINY ON BOARD H.M.S. BOUNTY (Record no. 391)

MARC details
000 -LEADER
fixed length control field 00317nam a22001337a 4500
020 ## - INTERNATIONAL STANDARD BOOK NUMBER
ISBN 817826160-X
082 ## - DEWEY DECIMAL CLASSIFICATION NUMBER
Classification number 823
Item number BEI/M
100 ## - MAIN ENTRY--AUTHOR NAME
Personal name WILLIAM BEIGH
245 ## - TITLE STATEMENT
Title THE MUTINY ON BOARD H.M.S. BOUNTY
260 ## - PUBLICATION, DISTRIBUTION, ETC. (IMPRINT)
Place of publication DELHI
Name of publisher ROHAN BOOK COMPANY
Year of publication 2003
300 ## - PHYSICAL DESCRIPTION
Number of Pages 190
650 ## - SUBJECT ADDED ENTRY--TOPICAL TERM
Topical Term MODERN ILLUSTRATED CLASSICS
942 ## - ADDED ENTRY ELEMENTS (KOHA)
Koha item type Books
Holdings
Withdrawn status Lost status Collection code Home library Current library Shelving location Date acquired Source of acquisition Cost, normal purchase price Full call number Accession Number Koha item type
    Fiction Main Library Main Library On Display 28/10/2006 purchase 30.00 823 BEI/M 02484 Books
    Fiction Main Library Main Library On Display 06/04/2006 purchase 30.00 823 BEI/M 02386 Books